Praha vlastivědný plán /

Korporativní autor: Kartografie Praha (firma)
Další autoři: Svoboda, Jindřich, 1927-1990, Roulová, Zdenka, 1937-
Jazyk: Čeština
Vydáno: Praha : Kartografie, 1979
Vydání: 1. vyd.
Témata:
Externí odkaz: Digitalizovaný dokument
Fyzický popis: 1 mapa : barev. ; 36 x 46 cm, na listu 43 x 49 cm
Mapy
Uloženo v:
LEADER 01651nem a2200385 a 4500
001 001296948
003 CZ BrMZK
005 20140228105414.0
007 aj|canzn
008 111208s1979 xr ag a 0| cze d
034 1 |a a  |b 75000  |d E0141243  |e E0144313  |f N0501107  |g N0495613 
040 |a BOA001  |b cze 
043 |a e-xr---  |b e-xr-pg  |2 czenas 
072 7 |a 913(4)  |x Geografie Evropy, reálie, cestování  |2 Konspekt  |9 7 
072 7 |a 912  |x Mapy. Atlasy. Glóby  |2 Konspekt  |9 7 
080 |a (437.311)  |2 MRF 
080 |a (084.3)  |2 MRF 
080 |a (084.3)371.673  |2 MRF 
110 2 |a Kartografie Praha (firma)  |7 kn20010724363  |4 pbl  |4 ctg  |4 prt 
245 1 0 |a Praha  |h [kartografický dokument] :  |b vlastivědný plán /  |c vydala, zpracovala a vytiskla Kartografie Praha ; odpovědný redaktor: Jindřich Svoboda ; technická redaktorka: Zdenka Roulová 
250 |a 1. vyd. 
255 |a Měřítko 1:75 000  |c (014°12´43" v.d.--014°43´13" v.d./050°11´07" s.š.--049°56´13" s.š.) 
260 |a Praha :  |b Kartografie,  |c 1979 
300 |a 1 mapa :  |b barev. ;  |c 36 x 46 cm, na listu 43 x 49 cm 
500 |a V levém horním rohu plán výškopisných poměrů 
505 2 0 |t Výškopisné poměry Prahy 
655 7 |a plány měst  |7 fd133027  |2 czenas 
655 7 |a školní mapy  |7 fd133894  |2 czenas 
651 7 |a Praha (Česko)  |7 ge118011  |2 czenas 
700 1 |a Svoboda, Jindřich,  |d 1927-1990  |7 mzk2009544277  |4 pbd 
700 1 |a Roulová, Zdenka,  |d 1937-  |7 stk2008428677  |4 red 
856 4 1 |u http://www.digitalniknihovna.cz/mzk/uuid/uuid:2a5d590f-9116-419d-bdae-b48e7a60ee82  |y Digitalizovaný dokument 
910 |a BOA001  |b Mpa-0813.455 
990 |a MP 
991 |b 201305